| 000 | 01242aam a2200397a 44500 | ||
|---|---|---|---|
| 008 | 110902s2011 cat | ||
| 017 | _aPM-996-2011 | ||
| 041 | _acat | ||
| 041 | _beng | ||
| 041 | _bspa | ||
| 080 | _a611.73(038) | ||
| 110 |
_aUniversitat de les Illes Balears. Gabinet de Terminologia _962075 |
||
| 245 | _aEstudis de Fisioteràpia: Ossos i articulacions | ||
| 245 | _cUniversitat de les Illes Balears. Servei Lingüístic. Gabinet de Terminologia. | ||
| 260 | _a[Palma] | ||
| 260 | _bUniversitat de les Illes Balears. Servei Lingüístic | ||
| 260 | _c2011 | ||
| 300 |
_a20 p. _c21 cm. |
||
| 490 | _aTerminologies Universitàries | ||
| 500 | _aCategoria gramatical | ||
| 500 | _aÍndexs | ||
| 520 | _a216 | ||
| 591 | _a10346 | ||
| 592 | _aObra terminològica | ||
| 593 | _aEAC | ||
| 594 | _a10346 | ||
| 650 |
_aaparell musculoesquelètic _964856 |
||
| 830 |
_aTerminologies Universitàries _972755 |
||
| 856 | _uhttps://cit.iec.cat/OSART/default.asp?opcio=1 | ||
| 901 | _cDL <2011> | ||
| 902 | _a110902 | ||
| 942 |
_cMO _2ddc _n0 |
||
| 999 |
_c65782 _d65782 |
||